00331nam a2200121Ia 4500008004100000041000800041082001700049100002000066245004400086260004100130300003100171365000700202240624s9999 xx 000 0 und d aeng a658.4063 DIC aDICKINSON BRIAN aRISK FREE BUSINESS REENGINEERING HOW TO c2004aMumbaibJaico Publishing House axvi, : 300 : p. : cm. ; 25 cRS